Jednoduše. Umělá inteligence /

Další autoři: Strnadová, Lenka, 1967-
Jazyk: Čeština
Vydáno: Praha : Euromedia Group, 2023
Vydání: Vydání první
Edice: Universum (Euromedia Group)
Témata:
Fyzický popis: 160 stran : barevné ilustrace ; 22 cm
Knihy
Uloženo v:
LEADER 01779nam a2200469 i 4500
001 nkc20233523979
003 CZ PrNK
005 20251029150715.0
007 ta
008 230607s2023 xr a e f 001 0 cze
015 |a cnb003523979 
020 |a 978-80-242-9293-9  |q (vázáno) 
035 |a (OCoLC)1420608690 
040 |a BOA001  |b cze  |d ABA001  |e rda 
041 1 |a cze  |h eng 
072 7 |a 004.8  |x Umělá inteligence  |2 Konspekt  |9 23 
080 |a 004.8  |2 MRF 
080 |a (0.062)  |2 MRF 
130 0 |a Simply artificial intelligence.  |l Česky 
245 1 0 |a Jednoduše.  |p Umělá inteligence /  |c z anglického originálu Simply artificial intelligence ... přeložila Lenka Strnadová 
246 3 0 |a Umělá inteligence 
250 |a Vydání první 
264 1 |a Praha :  |b Euromedia Group,  |c 2023 
300 |a 160 stran :  |b barevné ilustrace ;  |c 22 cm 
336 |a text  |b txt  |2 rdacontent 
337 |a bez média  |b n  |2 rdamedia 
338 |a svazek  |b nc  |2 rdacarrier 
490 1 |a Universum 
500 |a Obsahuje rejstřík 
650 0 7 |a umělá inteligence  |7 ph116536  |2 czenas 
650 0 9 |a artificial intelligence  |2 eczenas 
655 7 |a populárně-naučné publikace  |7 fd131864  |2 czenas 
655 9 |a popular works  |2 eczenas 
700 1 |a Strnadová, Lenka,  |d 1967-  |7 mzk2009544335  |4 trl 
830 0 |a Universum (Euromedia Group)  |0 s 
910 2 |a BOA001  |b 2-1514.717 
990 |a BK 
995 |a 01 
991 |b 202311  |c NOV 
996 6 |b 2610952459  |c 2-1514.717  |l MZK  |r Sklad / do 1 hodiny  |n 18  |p p.v.  |w 001943265  |u 000010  |a 1  |e BOA001  |j MZK50  |s P 
996 7 |b 2610952981  |c 2-1514.717  |l Vol.výběr  |r VV 0p  |n 19  |p kup  |h 004.8 UMĚ  |w 001943265  |u 000020  |a 0  |e BOA001  |j MZK50  |s A 
996 7 |b 2610981196  |c 2-1514.717  |l Vol.výběr  |r VV 0p  |n 10  |p kup  |h 004.8 UMĚ  |w 001943265  |u 000030  |a 0  |e BOA001  |j MZK50  |s A